|
|
|
|
| LEADER |
01189nam a22002897a 4500 |
| 001 |
37493 |
| 003 |
BD-DhAAL |
| 005 |
20220113151815.0 |
| 008 |
210613r20042008uk a|||| b||| 001 0 eng d |
| 999 |
|
|
|c 43227
|d 43227
|
| 020 |
|
|
|a 9780521670470
|
| 040 |
|
|
|a BD-DhAAL
|
| 082 |
|
|
|a 954.03
|2 22
|
| 100 |
|
|
|a Ramusack, Barbara N.
|9 41049
|
| 245 |
|
|
|a The Indian princes and their states /
|c Barbara N. Ramusack
|
| 260 |
|
|
|a Cambridge ;
|a New York :
|b Cambridge University Press,
|c 2004 [Reprinted 2008]
|
| 300 |
|
|
|a xiv, 309 pages :
|b illustrations, 1 map ;
|c 24 cm.
|
| 490 |
|
|
|a New Cambridge history of India,
|v III. 6.
|
| 504 |
|
|
|a Includes bibliographical references (p. 281-293) and index.
|
| 526 |
|
|
|a RS
|
| 541 |
|
|
|a Karim International
|
| 651 |
|
|
|a India
|x Kings and rulers.
|9 41050
|
| 651 |
|
|
|a India
|x History |y British occupation, 1765-1947.
|9 41051
|
| 651 |
|
|
|a India
|x Politics and government
|y 1765-1947.
|9 41052
|
| 852 |
|
|
|a Savar Campus Library
|c General Stacks
|
| 942 |
|
|
|2 ddc
|c BK
|
| 952 |
|
|
|0 0
|1 0
|2 ddc
|4 0
|6 954_030000000000000_RAM
|7 0
|9 69322
|a SCL
|b SCL
|c GEN
|d 2021-03-25
|e Karim International
|g 1750.00
|l 2
|m 1
|o 954.03 RAM
|p 3020037493
|r 2025-08-25
|s 2025-08-18
|t 1
|v 1750.00
|w 2021-03-25
|y BK
|